Los Contratos administrativos : doctrina general, legislación española ... / Recadero Fernández de Velasco doctrina general, legislación española ... / Recadero Fernández de Velasco
Descripción Física:
XI, 426 p. ; 23 cm
MARC
| LEADER | 00000nam a2200000Ia 4500 | ||
|---|---|---|---|
| 001 | 739 | ||
| 008 | 160829s1927 xx 000 0 cat d | ||
| 080 | |a M-3-80 | ||
| 100 | |a Fernández de Velasco, Recadero |9 25958 | ||
| 245 | |a Los Contratos administrativos : |b doctrina general, legislación española ... / Recadero Fernández de Velasco | ||
| 260 | |a Madrid : |b (Librería Gral. de Victoriano Suárez), |c 1927 | ||
| 300 | |a XI, 426 p. ; |c 23 cm | ||
| 490 | |a Biblioteca de la Revista de Derecho Privado. Serie B ; IV | ||
| 590 | |a Índex de legislació i disposicions, p. 417-421 | ||
| 650 | |a Contractes públics |x França |9 25959 | ||
| 650 | |a Contractes administratius |x Espanya |9 23438 | ||
| 901 | |a Arxiu | ||
| 942 | |n 1 | ||
| 952 | |0 0 |1 0 |4 0 |6 M380 |7 1 |9 43841 |a Arxiu |b Arxiu |d 2016-12-01 |l 0 |o M-3-80 |p 739 |r 2016-12-01 00:00:00 |w 2016-12-01 |y ARXIU | ||
| 999 | |c 46420 |d 46420 | ||